000 00616nam a2200229Ia 4500
003 OSt
005 20220928122644.0
006 a|||||r|||| 00| 0
007 ta
008 220927b |||||||| |||| 00| 0 eng d
024 _a25770
037 _cTextual
040 _aSDCL
_cSDCL
_beng
041 _2eng
_aeng
082 _aQ124:4x1,1, P4.1
100 _aPralayankar Praveen
_9422061
245 0 _aManusmrity.
260 _aDelhi
_bNew Bhartiya Book Corporation
_c2004
300 _axiv,629p.
_ccm.
942 _hQ124:4x1,1, P4.1
_cTEXL
_2CC
999 _c772118
_d772118